New trends in education in the eighteenth century / (Record no. 47639)
[ view plain ]
| 000 -LEADER | |
|---|---|
| fixed length control field | 00893nam a2200241 a 4500 |
| 001 - CONTROL NUMBER | |
| control field | 47639 |
| 003 - CONTROL NUMBER IDENTIFIER | |
| rucl marc code | BD-RjUL |
| 005 - DATE AND TIME OF LATEST TRANSACTION | |
| control field | 20211209054345.0 |
| 008 - FIXED-LENGTH DATA ELEMENTS--GENERAL INFORMATION | |
| fixed length control field | 160809s1951 enk b 001 0 eng d |
| 035 ## - SYSTEM CONTROL NUMBER | |
| System control number | (BD-RjUL)47758 |
| 040 ## - CATALOGING SOURCE | |
| Original cataloging agency | XNTU |
| Language of cataloging | eng |
| Transcribing agency | XNTU |
| Modifying agency | BD-RjUL |
| 041 ## - LANGUAGE CODE | |
| Language code of text/sound track or separate title | eng |
| 082 04 - DEWEY DECIMAL CLASSIFICATION NUMBER | |
| Classification number | 370.9033 |
| Edition number | 23 |
| Author mark and year | HAN 1951 |
| 100 1# - MAIN ENTRY--PERSONAL NAME | |
| Personal name | Hans, Nicholas, |
| Dates associated with a name | 1888-1969. |
| 9 (RLIN) | 134944 |
| 245 10 - TITLE STATEMENT | |
| Title | New trends in education in the eighteenth century / |
| Statement of responsibility, etc. | by Nicholas Hans. |
| 260 ## - PUBLICATION, DISTRIBUTION, ETC. (IMPRINT) | |
| Place of publication, distribution, etc. | London : |
| Name of publisher, distributor, etc. | Routledge & Kegan Paul, |
| Date of publication, distribution, etc. | 1951 |
| 300 ## - PHYSICAL DESCRIPTION | |
| Pagination | 261 p. : |
| Illustrations | ill. ; |
| Size | 23 cm. |
| 504 ## - BIBLIOGRAPHY, ETC. NOTE | |
| Bibliography, etc | Includes index and bibliography. |
| 650 #0 - SUBJECT ADDED ENTRY--TOPICAL TERM | |
| Topical term or geographic name as entry element | Education |
| General subdivision | History |
| -- | 18th century. |
| 9 (RLIN) | 144771 |
| 830 ## - SERIES ADDED ENTRY--UNIFORM TITLE | |
| Uniform title | International library of sociology and social reconstruction (Routledge & Kegan Paul) |
| 942 ## - ADDED ENTRY ELEMENTS (KOHA) | |
| Source of classification or shelving scheme | Dewey Decimal Classification |
| Koha item type | Books |
| Lost status | Source of classification or shelving scheme | Damaged status | Not for loan | Collection code | Permanent Location | Current Location | Shelving location | Date acquired | Source of acquisition | Cost, normal purchase price | Total Checkouts | Full call number | Date last seen | Copy number | Koha item type |
|---|---|---|---|---|---|---|---|---|---|---|---|---|---|---|---|
| Dewey Decimal Classification | Non-fiction | Central Library, University of Rajshahi | Central Library, University of Rajshahi | 07/02/1955 | U. B. Rajshahi | 11.40 | 370.9033 HAN 1951 | 09/08/2016 | C-2 | Books | |||||
| Dewey Decimal Classification | Non-fiction | Central Library, University of Rajshahi | Central Library, University of Rajshahi | 25/01/1957 | Simp mos | 18.00 | 370.9033 HAN 1951 | 22/08/2016 | C-3 | Books | |||||
| Dewey Decimal Classification | Non-fiction | Central Library, University of Rajshahi | Central Library, University of Rajshahi | 02/01/1957 | Aui. books | 14.00 | 370.9033 HAN 1951 | 22/08/2016 | C-4 | Books |